00903cam a2200277 i 45000010009000000050017000090080041000260200015000670200018000820240016001000350021001160350024001370350018001610400060001790500024002390820025002632450091002882600045003793000030004245040051004546500011005056500017005167000031005337000028005647000033005921093994220170105102939.0140627s2014 enka b 001 0 eng d a1780761430 a9781780761435 a40023966307 a(OCoLC)884556062 a(OCoLC)ocn884556062 a(NNC)10939942 aYDXCPbengerdacYDXCPdCDXdOCLCQdOCLCOdNDDdNhCcYBP 4aJZ5566.4b.G46 201404a303.66223bGEO 201400aGeographies of peace /cedited by Fiona McConnell, Nick Megoran and Philippa Williams. aNew Yorkb I.B. Tauris and Companyc2014 axviii, 296 pages ;c24 cm aIncludes bibliographical references and index. 0aPeace. 0aGeopolitics.1 aMcConnell, Fiona,eeditor.1 aMegoran, Nick,eeditor.1 aWilliams, Philippa,eeditor.